Foodborne pathogens : (Record no. 26375)
[ view plain ]
| 000 -LEADER | |
|---|---|
| fixed length control field | 01218cam a22003135a 4500 |
| 001 - CONTROL NUMBER | |
| control field | 12705570 |
| 005 - DATE AND TIME OF LATEST TRANSACTION | |
| control field | 20180321113354.0 |
| 008 - FIXED-LENGTH DATA ELEMENTS--GENERAL INFORMATION | |
| fixed length control field | 020315r20052002flua frb 001 0 eng d |
| 020 ## - INTERNATIONAL STANDARD BOOK NUMBER | |
| International Standard Book Number | 0849312132 (CRC Press) |
| 020 ## - INTERNATIONAL STANDARD BOOK NUMBER | |
| International Standard Book Number | 1855734540 (Woodhead) |
| 040 ## - CATALOGING SOURCE | |
| Original cataloging agency | DLC |
| Transcribing agency | DLC |
| Modifying agency | DLC |
| -- | EG-ScBUE |
| Language of cataloging | eng |
| 082 04 - DEWEY DECIMAL CLASSIFICATION NUMBER | |
| Classification number | 615.954 |
| Edition number | 22 |
| Item number | FOO |
| 245 00 - TITLE STATEMENT | |
| Title | Foodborne pathogens : |
| Remainder of title | hazards, risk analysis, and control / |
| Statement of responsibility, etc | edited by Clive de W. Blackburn and Peter J. McClure. |
| 250 ## - EDITION STATEMENT | |
| Edition statement | Reprint ed. |
| 260 ## - PUBLICATION, DISTRIBUTION, ETC. (IMPRINT) | |
| Place of publication, distribution, etc | Boca Raton : |
| Name of publisher, distributor, etc | CRC Press ; |
| Place of publication, distribution, etc | Cambridge, England : |
| Name of publisher, distributor, etc | Woodhead, |
| Date of publication, distribution, etc | 2005. |
| 300 ## - PHYSICAL DESCRIPTION | |
| Extent | xvii, 521 p. : |
| Other physical details | ill. ; |
| Dimensions | 25 cm. |
| 490 0# - Series Statement | |
| Series statement | Woodhead publishing in food science and technology |
| 500 ## - GENERAL NOTE | |
| General note | Reprinted of 2002 ed. |
| 504 ## - BIBLIOGRAPHY, ETC. NOTE | |
| Bibliography, etc | Includes bibliographical references and index. |
| 650 #7 - SUBJECT ADDED ENTRY--TOPICAL TERM | |
| Topical term or geographic name as entry element | Foodborne diseases. |
| Source of heading or term | BUEsh |
| 650 #7 - SUBJECT ADDED ENTRY--TOPICAL TERM | |
| Topical term or geographic name as entry element | Food |
| General subdivision | Microbiology. |
| Source of heading or term | BUEsh |
| 651 ## - SUBJECT ADDED ENTRY--GEOGRAPHIC NAME | |
| Source of heading or term | BUEsh |
| 653 ## - INDEX TERM--UNCONTROLLED | |
| Resource For college | Generalities |
| Arrived date list | March2018 |
| 700 1# - ADDED ENTRY--PERSONAL NAME | |
| Personal name | Blackburn, Clive de W., |
| Relator term | edirtor. |
| 700 1# - ADDED ENTRY--PERSONAL NAME | |
| Personal name | McClure, Peter J., |
| Relator term | edirtor. |
| 856 42 - ELECTRONIC LOCATION AND ACCESS | |
| Materials specified | Publisher description |
| Uniform Resource Identifier | <a href="http://www.loc.gov/catdir/enhancements/fy0646/2002023411-d.html">http://www.loc.gov/catdir/enhancements/fy0646/2002023411-d.html</a> |
| 856 42 - ELECTRONIC LOCATION AND ACCESS | |
| Materials specified | Book review (E-STREAMS) |
| Uniform Resource Identifier | <a href="http://www.e-streams.com/es0603/es0603_2393.html">http://www.e-streams.com/es0603/es0603_2393.html</a> |
| 942 ## - ADDED ENTRY ELEMENTS (KOHA) | |
| Source of classification or shelving scheme | Dewey Decimal Classification |
| Withdrawn status | Item status | Source of classification or shelving scheme | Damaged status | Not for loan | Home library | Current library | Shelving location | Date acquired | Total Checkouts | Full call number | Barcode | Date last seen | Koha item type |
|---|---|---|---|---|---|---|---|---|---|---|---|---|---|
| Dewey Decimal Classification | Central Library | Central Library | First floor | 21/03/2018 | 615.954 FOO | 000047475 | 15/07/2025 | Book - Borrowing |